| 000 | 01047 a2200253 4500 | ||
|---|---|---|---|
| 020 | _a0471662887 | ||
| 020 | _a9780471662884 | ||
| 040 |
_aDLC _bDLC |
||
| 082 | 0 | 0 | _a621.382/16 |
| 100 | 1 | _aVan Bosse, John G. | |
| 245 | 1 | 0 |
_aSignaling in telecommunication networks _cJohn G. van Bosse, Fabrizio U. Devetak |
| 250 | _a2nd ed. | ||
| 260 |
_aHoboken, N.J. : _bWiley-Interscience, _cc2007. |
||
| 300 |
_axiv, 810 p. : _bill. ; _c25 cm. |
||
| 440 | 0 | _aWiley series in telecommunications and signal processing | |
| 650 | 0 |
_aTelecommunication _xSwitching systems. |
|
| 650 | 0 | _aSignaling system 7. | |
| 650 | 0 | _aSignal theory (Telecommunication) | |
| 700 | 1 |
_aDevetak, Fabrizio U., _d1946- |
|
| 856 | 4 | 2 |
_3Publisher description _uhttp://www.loc.gov/catdir/enhancements/fy0645/2006043901-d.html |
| 856 | 4 | 2 |
_3Contributor biographical information _uhttp://www.loc.gov/catdir/enhancements/fy0826/2006043901-b.html |
| 856 | 4 | 2 |
_3Table of contents only _uhttp://www.loc.gov/catdir/enhancements/fy0826/2006043901-t.html |
| 942 |
_cBK _k621.38216 VAN _2ddc |
||
| 999 |
_c8256 _d8256 |
||